LEADER 01026nam a2200241 u 4500 001 000000024600 003 CaOOAMICUS 005 20070226111353.0 008 950611s1935 fr u000 u fre u 035 $a10624703 040 $aPUL(R)$bita 041 0 $afre$alat 100 1 $aVignaux, Paul,$d1904-1987.$0(OLS)http://pul/name/1571 245 10$aLuther commentateur des Sentences :$b(livre I, distinction XVII) /$cpar Paul Vignaux. 260 $aParis :$bJ. Vrin,$c1935. 300 $a[5], 112, [2] p. ;$c26 cm 490 1 $aEtudes de philosophie médiévale ;$v21 830 0$aEtudes de philosophie médiévale ;$v21.$0(OLS)http://pul/title/1367 850 $aPUL 852 $aPUL$W1$xSL Filosofia 2$y80$mPhil A4 21$j34446$nBK-PRI$b $qStampati altre collocazioni$B34446$CPULBib$Z2$F34446 $H $81 941 1 $a10 996 $6245$aLuther commentateur des Sentences :$b(livre I, distinction XVII)$9(OLS)http://pul/title/34001 996 $6260$aParis :$bJ. Vrin$9(OLS)http://pul/publisher/48393 LEADER 00720nam a2200205 u 4500 001 000000083021 003 CaOOAMICUS 005 20070226123927.0 008 050427s1919 it u000 u ita u 035 $a11042820 040 $aPUL(R)$bita 100 1 $aPapini, Giovanni,$d1881-1956.$0(OLS)http://pul/name/5962 245 10$aChiudiamo le scuole /$cGiovanni Papini. 260 $aFirenze :$bVallecchi,$c1919. 300 $a62 p. ;$c19 cm 850 $aPUL 852 $aPUL$W1$xDP1 Fondo Cecchetti$y53$m260 Q 21$j105686$nBK-PRI$b $qFondi$B105686$CPULBib$Z2$F105686 $82 941 1 $a1 996 $6245$aChiudiamo le scuole$9(OLS)http://pul/title/108345 996 $6260$aFirenze :$bVallecchi$9(OLS)http://pul/publisher/47977